000
00371nam a22001457a 4500
008
230227b |||||||| |||| 00| 0 eng d
020
_a
978-0-06-168720-4
082
_a
813.54
100
_a
John Grogan
245
_a
Marley and Me
_c
John Grogan
260
_a
New York;
_b
Harper,
_c
2005
300
_a
308 p.
_c
17cm
942
_2
ddc
999
_c
9320
_d
9321